| 000 | 00679nam a2200217 a 4500 | ||
|---|---|---|---|
| 005 | 20140310183406.0 | ||
| 008 | 121013s19uu xx 00 eng d | ||
| 020 | _a9780137013432 | ||
| 050 |
_aLB 1060 _b.Or75 2011 |
||
| 100 | _aOrmrod, Jeanne Ellis | ||
| 245 |
_aOur minds, our memories : _benhancing thinking and learning at all ages / _cJeanne Ellis Ormrod. |
||
| 260 |
_aBoston, MA : _bAllyn & Bacon, _c2011. |
||
| 300 |
_axvi, 320 p. : _bill. ; _c24 cm. |
||
| 500 | _aIncludes bibliographical references and index | ||
| 521 | _aEDU | ||
| 650 | _aLearning | ||
| 650 |
_aLearning _xPhysiological aspects |
||
| 650 | _aMemory | ||
| 942 |
_cBK _2lcc _kFOR |
||
| 999 |
_c22410 _d22410 |
||